00934 2200289 4500001002100000005001500021035002000036007000300056008004100059020001800100082001100118084001500129245007000144250001200214300004000226650003700266650005600303650005900359700003900418700003700457600003000494264003300524336002100557337003000578338002300608990001300631INLIS00000000003947720220301104404 a0010-0322000011ta220301 0 eng a9781138556102 a401.93 a401.93 TEA aTeaching Young Second Language Learners /cRhonda Oliver (Editor) aedisi 1 ax,147 halaman :bilustrasi ;c23 cm 4aPembelajaran Berpusat pada Siswa 4aBahasa Inggris--Belajar dan Mengajar--Penutur Asing 4aEnglish Language--Study and Teaching--Foreign Speakers0 aRhonda Oliver (Editor)ePenyunting0 aBich Nguyen (Editor)ePenyunting 4aStudent-centered Learning aNew York :bRoutledge,c2018 2rdacontentaTeks 2rdamediaaTanpa Perantara 2rdacarrieraVolume a21/00657